[Event "CZE-chT 2122"]
[Site "Czech Republic"]
[Date "2022.01.30"]
[Round "8.1"]
[White "Mazur, Stefan"]
[Black "Miesbauer, Jan"]
[Result "1-0"]
[WhiteElo "2430"]
[BlackElo "2410"]
[PlyCount "193"]
[EventDate "2021.10.15"]
[EventType "team-tourn"]
[EventRounds "15"]
[EventCountry "CZE"]
[SourceTitle "EXT 2023"]
[Source "ChessBase"]
[SourceDate "2022.10.05"]
[SourceVersion "1"]
[SourceVersionDate "2022.10.05"]
[SourceQuality "1"]
[WhiteTeam "Kromeriz Slavia"]
[BlackTeam "Praha Dopravni Podnik"]
[WhiteTeamCountry "CZE"]
[BlackTeamCountry "CZE"]

1. e4 e5 2. Nf3 Nc6 3. Bb5 Nf6 4. d3 Bc5 5. c3 0-0 6. 0-0 Re8 7. Bg5 h6 8. Bh4 Bf8 9. Nbd2 d6 10. h3 Bd7 11. Re1 g5 12. Bg3 Bg7 13. Nf1 a6 14. Ba4 b5 15. Bc2 Ne7 16. d4 Ng6 17. dxe5 dxe5 18. Ne3 Nf4 19. h4 N6h5 20. hxg5 hxg5 21. Nh2 Be6 22. Qf3 Nf6 23. Rad1 Qc8 24. Nf5 Qb7 25. Bxf4 gxf4 26. Qh3 Rad8 27. Rxd8 Rxd8 28. Nf3 Qb6 29. Qh4 Bxf5 30. exf5 e4 31. Rxe4 c5 32. Re1 Qc7 33. Re5 Rd2 34. Rxc5 Qxc5 35. Nxd2 b4 36. Qxf4 bxc3 37. bxc3 Qxc3 38. Bb3 a5 39. Nf3 Bh6 40. Qc4 Qxc4 41. Bxc4 Ng4 42. Kf1 Kg7 43. Ke2 Kf6 44. Nd4 Bf8 45. Nc6 Bc5 46. Nxa5 Nxf2 47. Nb7 Ba7 48. Nd6 Ke5 49. Nxf7+ Kxf5 50. Kf3 Nd1 51. g4+ Kf6 52. Kf4 Bb8+ 53. Ke4 Nf2+ 54. Kf3 Nd1 55. Bb3 Nc3 56. Nd8 Bc7 57. Nc6 Nb1 58. Ke3 Kg5 59. Be6 Nc3 60. Kf3 Bd6 61. Nd4 Bc5 62. Ne2 Nb5 63. a4 Nc7 64. Bd7 Nd5 65. Ng3 Bb4 66. Ne4+ Kg6 67. Be8+ Kg7 68. g5 Kf8 69. Bc6 Ne7 70. Bb5 Kg7 71. Kg4 Kf7 72. Ng3 Ng6 73. Bc4+ Kf8 74. Kf5 Nh4+ 75. Ke6 Nf3 76. Ne4 Kg7 77. Bb5 Be1 78. Be8 Bb4 79. Bb5 Be1 80. Kf5 Nd4+ 81. Ke5 Nf3+ 82. Kf4 Nd4 83. Nd6 Bd2+ 84. Kg4 Ne6 85. Ne4 Bb4 86. Bc4 Nd4 87. Ng3 Nc6 88. Nh5+ Kf8 89. Bb5 Ne7 90. Nf4 Bd2 91. Ne6+ Kf7 92. Nd8+ Kg7 93. Nc6 Nd5 94. a5 Nb4 95. Nxb4 Bxb4 96. a6 Bc5 97. Kf5 1-0

[Event "CZE-chT 2122"]
[Site "Czech Republic"]
[Date "2021.11.07"]
[Round "4.3"]
[White "Miesbauer, Jan"]
[Black "Rasik, Vitezslav"]
[Result "1-0"]
[WhiteElo "2410"]
[BlackElo "2425"]
[PlyCount "75"]
[EventDate "2021.10.15"]
[EventType "team-tourn"]
[EventRounds "15"]
[EventCountry "CZE"]
[SourceTitle "EXT 2023"]
[Source "ChessBase"]
[SourceDate "2022.10.05"]
[SourceVersion "1"]
[SourceVersionDate "2022.10.05"]
[SourceQuality "1"]
[WhiteTeam "Praha Dopravni Podnik"]
[BlackTeam "Ostrava Labortech"]
[WhiteTeamCountry "CZE"]
[BlackTeamCountry "CZE"]

1. e4 d6 2. d4 g6 3. Nc3 Bg7 4. Nf3 Nf6 5. Be2 0-0 6. 0-0 e6 7. Re1 Nc6 8. Be3 h6 9. h3 b6 10. Qd2 Kh7 11. Rad1 Ne7 12. Bd3 Bb7 13. Bf4 a6 14. Qe3 b5 15. a3 Nd7 16. Ne2 e5 17. dxe5 dxe5 18. Bg3 Nc6 19. c4 b4 20. axb4 Nxb4 21. Bb1 Qe7 22. h4 Nc5 23. Nc3 c6 24. h5 Bc8 25. Nh4 Bf6 26. Nd5 cxd5 27. exd5 e4 28. d6 Qa7 29. Bxe4 Nxe4 30. Qxe4 Bxh4 31. hxg6+ fxg6 32. Qxh4 Rf7 33. Re7 Rxe7 34. Qxe7+ Qxe7 35. dxe7 Bd7 36. Rxd7 Re8 37. Bd6 Nc6 38. b4 1-0

[Event "Prague Opocensky Memorial"]
[Site "Prague"]
[Date "2021.07.17"]
[Round "8"]
[White "Miesbauer, Jan"]
[Black "Stefansson, Hannes"]
[Result "1/2-1/2"]
[WhiteElo "2402"]
[BlackElo "2517"]
[PlyCount "142"]
[EventDate "2021.07.10"]
[EventType "tourn"]
[EventRounds "9"]
[EventCountry "CZE"]
[EventCategory "6"]
[SourceTitle "CBM 203 Extra"]
[Source "ChessBase"]
[SourceDate "2021.09.30"]
[SourceVersion "1"]
[SourceVersionDate "2021.09.30"]
[SourceQuality "1"]

1. e4 e5 2. Nf3 Nc6 3. Bc4 Nf6 4. d3 h6 5. Nbd2 d6 6. c3 g5 7. h3 Bg7 8. Nf1 a6 9. Bb3 d5 10. Qe2 Be6 11. g4 Qd7 12. Ng3 0-0-0 13. Ba4 b5 14. Bc2 dxe4 15. dxe4 h5 16. b3 hxg4 17. Nxg5 Kb7 18. Be3 gxh3 19. a4 Nb8 20. Nf5 Bxf5 21. exf5 Qc6 22. Qf3 Qxf3 23. Nxf3 Nd5 24. Ng5 e4 25. Bd2 Rhe8 26. Rxh3 e3 27. fxe3 b4 28. 0-0-0 bxc3 29. Be1 Rd7 30. Ne4 Kb6 31. f6 Nxf6 32. Rxd7 Nbxd7 33. Nxf6 Bxf6 34. Bf5 Re7 35. Rh6 Ka7 36. Kc2 Bg7 37. Rh7 Bf6 38. Rh6 Bg7 39. Rh7 Bf6 40. e4 Kb7 41. Bf2 Be5 42. Rh6 f6 43. Rg6 Nf8 44. Rg1 Ne6 45. Rd1 Ng7 46. Bg4 Ne8 47. Bd4 Nd6 48. Bf3 Rh7 49. Bxc3 Rh3 50. Rd3 Nf7 51. Bd2 Rh2 52. Re3 Ng5 53. Bd1 Bf4 54. Re2 Rxe2 55. Bxe2 Bxd2 56. Kxd2 Nxe4+ 57. Kd3 Ng3 58. Bf3+ Kb6 59. b4 Nf5 60. a5+ Kb5 61. Kc3 Ng3 62. Kb3 f5 63. Bd5 f4 64. Bc4+ Kc6 65. Bxa6 f3 66. Bd3 f2 67. b5+ Kb7 68. b6 c6 69. Kb4 Ne4 70. Kc4 Nd2+ 71. Kc5 Nb3+ 1/2-1/2

[Event "Prague Opocensky Memorial"]
[Site "Prague"]
[Date "2021.07.16"]
[Round "7"]
[White "Kozusek, Daniel"]
[Black "Miesbauer, Jan"]
[Result "1/2-1/2"]
[WhiteElo "2327"]
[BlackElo "2402"]
[PlyCount "76"]
[EventDate "2021.07.10"]
[EventType "tourn"]
[EventRounds "9"]
[EventCountry "CZE"]
[EventCategory "6"]
[SourceTitle "CBM 203 Extra"]
[Source "ChessBase"]
[SourceDate "2021.09.30"]
[SourceVersion "1"]
[SourceVersionDate "2021.09.30"]
[SourceQuality "1"]

1. d4 Nf6 2. Bg5 c5 3. d5 Qb6 4. Nc3 Qxb2 5. Bd2 Qb6 6. e4 d6 7. f4 Qd8 8. Nf3 a6 9. a4 g6 10. Bc4 Bg7 11. 0-0 0-0 12. e5 Nfd7 13. Qe1 b5 14. axb5 Nb6 15. Be2 axb5 16. Rxa8 Nxa8 17. Bxb5 Nc7 18. Bc4 Nd7 19. e6 fxe6 20. Ng5 Nf6 21. dxe6 d5 22. Nb5 Nxb5 23. Bxb5 Qd6 24. f5 c4 25. Qf2 Ng4 26. Qh4 h5 27. Bd7 Bxd7 28. exd7 Qxd7 29. h3 Qa7+ 30. Kh1 Ne3 31. Qe1 Nxf5 32. Qe6+ Kh8 33. Qxg6 Ng3+ 34. Kh2 Nxf1+ 35. Kh1 Ng3+ 36. Kh2 Nf1+ 37. Kh1 Ng3+ 38. Kh2 Nf1+ 1/2-1/2

[Event "Prague Opocensky Memorial"]
[Site "Prague"]
[Date "2021.07.15"]
[Round "6"]
[White "Miesbauer, Jan"]
[Black "Wachinger, Nikolas"]
[Result "0-1"]
[WhiteElo "2402"]
[BlackElo "2355"]
[PlyCount "138"]
[EventDate "2021.07.10"]
[EventType "tourn"]
[EventRounds "9"]
[EventCountry "CZE"]
[EventCategory "6"]
[SourceTitle "CBM 203 Extra"]
[Source "ChessBase"]
[SourceDate "2021.09.30"]
[SourceVersion "1"]
[SourceVersionDate "2021.09.30"]
[SourceQuality "1"]

1. d4 Nf6 2. Nf3 d5 3. c4 e6 4. g3 Be7 5. Bg2 0-0 6. 0-0 dxc4 7. Qc2 a6 8. a4 Bd7 9. Qxc4 Bc6 10. Bf4 Bd6 11. Bg5 Nbd7 12. Nc3 h6 13. Bxf6 Nxf6 14. Rfe1 Bxf3 15. Bxf3 c6 16. a5 Qe7 17. e3 Rfd8 18. Red1 Rab8 19. Kg2 Bc7 20. h4 Nd5 21. Rdc1 Nf6 22. Ra4 Nd5 23. Qb3 Nf6 24. Rd1 Kf8 25. Qc2 Kg8 26. Qb1 Bd6 27. Rc4 Nd5 28. Ne4 Nf6 29. Nxf6+ Qxf6 30. Qe4 Rd7 31. Be2 g6 32. h5 Qf5 33. Bf3 Qxe4 34. Bxe4 g5 35. Rd3 Kf8 36. Rb3 Ke7 37. g4 Bc7 38. Kf3 Bd6 39. Ke2 Rf8 40. Bf3 Rb8 41. Kd1 Rf8 42. Ke2 Rb8 43. Kd3 Bc7 44. Kc2 Bd6 45. Rd3 Bc7 46. b4 Rbd8 47. Bg2 Bb8 48. Rcc3 e5 49. dxe5 Rxd3 50. Rxd3 Rxd3 51. Kxd3 Bxe5 52. Be4 Bd6 53. Kc4 Kd8 54. Bf5 Be7 55. f4 f6 56. Be6 Bd6 57. fxg5 fxg5 58. Kc3 Be7 59. Kd4 Bxb4 60. Ke5 Bxa5 61. Kf6 Bc3+ 62. Kg6 a5 63. Kxh6 Ke7 64. Ba2 Kf6 65. Kh7 a4 66. h6 b5 67. Kg8 c5 68. h7 Ke7 69. Bd5 a3 0-1

[Event "Prague Opocensky Memorial"]
[Site "Prague"]
[Date "2021.07.14"]
[Round "5"]
[White "Haba, Petr"]
[Black "Miesbauer, Jan"]
[Result "1-0"]
[WhiteElo "2436"]
[BlackElo "2402"]
[PlyCount "43"]
[EventDate "2021.07.10"]
[EventType "tourn"]
[EventRounds "9"]
[EventCountry "CZE"]
[EventCategory "6"]
[SourceTitle "CBM 203 Extra"]
[Source "ChessBase"]
[SourceDate "2021.09.30"]
[SourceVersion "1"]
[SourceVersionDate "2021.09.30"]
[SourceQuality "1"]

1. d4 Nf6 2. c4 e6 3. g3 d5 4. Bg2 dxc4 5. Qa4+ c6 6. Qxc4 b5 7. Qc2 Bb7 8. Nf3 Nbd7 9. 0-0 Rc8 10. Ne5 Qb6 11. Nxd7 Nxd7 12. Nc3 a6 13. Be3 c5 14. d5 e5 15. Rfd1 Rd8 16. Rac1 Nf6 17. b4 Ng4 18. Qe4 Nxe3 19. Qxe5+ Be7 20. Qxe3 Kf8 21. Nb1 Rc8 22. d6 1-0

[Event "Prague Opocensky Memorial"]
[Site "Prague"]
[Date "2021.07.12"]
[Round "3"]
[White "Bracker, Frank"]
[Black "Miesbauer, Jan"]
[Result "0-1"]
[WhiteElo "2391"]
[BlackElo "2402"]
[PlyCount "80"]
[EventDate "2021.07.10"]
[EventType "tourn"]
[EventRounds "9"]
[EventCountry "CZE"]
[EventCategory "6"]
[SourceTitle "CBM 203 Extra"]
[Source "ChessBase"]
[SourceDate "2021.09.30"]
[SourceVersion "1"]
[SourceVersionDate "2021.09.30"]
[SourceQuality "1"]

1. e4 e5 2. Nf3 Nc6 3. Bc4 Nf6 4. d3 Bc5 5. c3 d6 6. 0-0 a6 7. a4 Ba7 8. Re1 h6 9. Nbd2 Ne7 10. Nf1 Ng6 11. Ng3 0-0 12. d4 c6 13. Bd3 Re8 14. h3 Be6 15. a5 Qc7 16. Qc2 d5 17. exd5 Bxd5 18. Bxg6 Bxf3 19. gxf3 fxg6 20. Qxg6 exd4 21. Rxe8+ Rxe8 22. Ne4 Rf8 23. cxd4 Bxd4 24. Kg2 Qe5 25. Ng3 Ne8 26. Bd2 Qd5 27. Qd3 Nd6 28. Rb1 Nc4 29. Bb4 Ne5 30. Qe4 Rxf3 31. Qxd5+ cxd5 32. Be1 Rd3 33. Nf5 Ng6 34. Rc1 Nf4+ 35. Kf1 Bxb2 36. Rc8+ Kh7 37. h4 Rd1 38. Rc7 Ra1 39. Ne3 Nd3 40. Nc2 Rc1 0-1

[Event "Ceske Budejovice op-A"]
[Site "Ceske Budejovice"]
[Date "2020.07.01"]
[Round "1"]
[White "Miesbauer, Jan"]
[Black "Horak, Jan"]
[Result "1-0"]
[WhiteElo "2392"]
[BlackElo "1992"]
[PlyCount "117"]
[EventDate "2020.07.01"]
[EventType "swiss"]
[EventRounds "9"]
[EventCountry "CZE"]
[SourceTitle "CBM 197 Extra"]
[Source "ChessBase"]
[SourceDate "2020.09.30"]
[SourceVersion "1"]
[SourceVersionDate "2020.09.30"]
[SourceQuality "1"]

1. d4 Nf6 2. c4 e6 3. Nf3 d5 4. g3 Bb4+ 5. Bd2 Bd6 6. Bg2 c6 7. 0-0 Nbd7 8. Qc1 0-0 9. Bf4 Qc7 10. Bxd6 Qxd6 11. Nc3 dxc4 12. Rd1 Rb8 13. e4 Qc7 14. e5 Nd5 15. Ne4 b5 16. b3 c5 17. bxc4 bxc4 18. dxc5 Ba6 19. Qa3 Bb5 20. Rac1 a6 21. Nd6 c3 22. Nd4 Nxe5 23. Bxd5 exd5 24. Qxc3 Bc4 25. f4 Ng4 26. Qf3 Qxc5 27. Nxc4 dxc4 28. Qxg4 Rfd8 29. f5 Rd6 30. Kf1 Rbd8 31. Nc2 Rxd1+ 32. Rxd1 Rxd1+ 33. Qxd1 Qxf5+ 34. Ke1 h6 35. Ne3 Qe5 36. Qe2 Qa5+ 37. Kd1 Qe5 38. Nc2 Qd5+ 39. Qd2 Qh1+ 40. Ne1 Qc6 41. Kc1 Qc5 42. Nc2 c3 43. Qd8+ Kh7 44. Qd4 Qc6 45. Ne1 Qe6 46. Qf2 Qd5 47. Ng2 Qb7 48. Ne3 Qb4 49. Nd5 Qa3+ 50. Kb1 Qa5 51. Qc2+ Kh8 52. Nxc3 Qb6+ 53. Kc1 Qg1+ 54. Nd1 Qd4 55. Qc8+ Kh7 56. Qxa6 Qc5+ 57. Kd2 Qb4+ 58. Kc2 Qc5+ 59. Nc3 1-0

[Event "SVK-chT 1920"]
[Site "Slovakia"]
[Date "2020.02.29"]
[Round "7.4"]
[White "Gazik, Viktor"]
[Black "Miesbauer, Jan"]
[Result "1/2-1/2"]
[WhiteElo "2508"]
[BlackElo "2382"]
[PlyCount "199"]
[EventDate "2019.10.19"]
[EventType "team-tourn"]
[EventRounds "11"]
[EventCountry "SVK"]
[SourceTitle "CBM 195 Extra"]
[Source "ChessBase"]
[SourceDate "2020.05.31"]
[SourceVersion "1"]
[SourceVersionDate "2020.05.31"]
[SourceQuality "1"]
[WhiteTeam "Podhajska Aquamarin"]
[BlackTeam "Liptov Chess School"]
[WhiteTeamCountry "SVK"]
[BlackTeamCountry "SVK"]

1. e4 e5 2. Nf3 Nc6 3. Bb5 Nf6 4. d3 Bc5 5. Bxc6 dxc6 6. Nbd2 Be6 7. 0-0 Nd7 8. Nb3 Bb6 9. d4 f6 10. Be3 0-0 11. Qe2 Qe7 12. c4 exd4 13. Nfxd4 Bxd4 14. Nxd4 Ne5 15. b3 Bd7 16. Qc2 c5 17. Ne2 Rae8 18. Nc3 c6 19. Rfe1 f5 20. f4 Ng4 21. e5 Be6 22. Rad1 Rd8 23. Qe2 b6 24. h3 Nxe3 25. Qxe3 Rxd1 26. Rxd1 Rd8 27. Rd3 h6 28. Qd2 Rxd3 29. Qxd3 Qd7 30. Qxd7 Bxd7 31. Kf2 Kf7 32. Kf3 Ke7 33. g4 g6 34. Nd1 Be6 35. Ne3 Kf7 36. Nf1 Ke7 37. Kg3 Kf7 38. Kh4 Kg7 39. Ne3 Kf7 40. Kg3 Ke7 41. Kf3 Kd7 42. Kf2 Ke7 43. Ke2 Kd7 44. Kd3 Ke7 45. Kc3 Kd7 46. a3 a5 47. Kd3 Ke7 48. Kd2 Kd8 49. Ke2 Ke8 50. Kf3 Ke7 51. Kg3 Ke8 52. Kg2 Ke7 53. Kf3 Ke8 54. Kf2 Ke7 55. Ke1 Ke8 56. Ke2 Ke7 57. Kd2 Bd7 58. Kd3 Ke6 59. Nd1 Ke7 60. Ne3 Ke6 61. Ke2 Ke7 62. Ke1 Ke6 63. Kf2 Ke7 64. Kf1 Ke6 65. Kg2 Ke7 66. Kf2 Ke6 67. Nd1 Ke7 68. Kg3 Be6 69. Nb2 Kd7 70. Kh4 Kd8 71. Na4 Kc7 72. Nc3 Kd7 73. Kg3 Kd8 74. Na4 Kc7 75. Kf3 Bd7 76. Nb2 Be6 77. Kg3 Kd8 78. Kf3 Kd7 79. g5 h5 80. Ke3 Kc7 81. Kd3 Bf7 82. Kc3 Kb7 83. Nd3 Kc7 84. h4 Be6 85. Ne1 Bf7 86. Nc2 Be6 87. Ne3 Bf7 88. Kd3 Be6 89. Kd2 Bf7 90. Kc3 Kb7 91. Nc2 Be6 92. b4 cxb4+ 93. axb4 axb4+ 94. Nxb4 c5 95. Nd5 Bxd5 96. cxd5 b5 97. e6 Kc7 98. e7 Kd7 99. d6 Ke8 100. Kb3 1/2-1/2

[Event "Budapest FS09 GM"]
[Site "Budapest"]
[Date "2019.09.11"]
[Round "5"]
[White "Raja, Harshit"]
[Black "Miesbauer, Jan"]
[Result "1/2-1/2"]
[WhiteElo "2443"]
[BlackElo "2397"]
[PlyCount "197"]
[EventDate "2019.09.07"]
[EventType "tourn"]
[EventRounds "9"]
[EventCountry "HUN"]
[EventCategory "7"]
[SourceTitle "EXT 2020"]
[Source "ChessBase"]
[SourceDate "2019.10.17"]
[SourceVersion "1"]
[SourceVersionDate "2019.10.17"]
[SourceQuality "1"]

1. e4 e6 2. d4 d5 3. Nd2 Be7 4. Ngf3 Nf6 5. e5 Nfd7 6. Bd3 c5 7. c3 Nc6 8. 0-0 a5 9. Bc2 cxd4 10. cxd4 Nb6 11. Re1 Bd7 12. Nf1 a4 13. Ng3 h5 14. a3 Na5 15. Ne2 Nac4 16. Nc3 g5 17. Rf1 g4 18. Ne1 Qc7 19. Rb1 f6 20. Bg6+ Kd8 21. exf6 Bxf6 22. g3 Be8 23. Bxe8 Kxe8 24. Nd3 Qh7 25. Bf4 Kf7 26. Ne5+ Bxe5 27. dxe5 Qf5 28. Nb5 Nd7 29. Re1 Rhc8 30. Rc1 Kg7 31. Rxc4 Rxc4 32. Nd6 Qc2 33. Nxc4 Qxc4 34. Qd2 Kf7 35. Rc1 Qe4 36. Qc3 d4 37. Qb4 Qd5 38. Rc4 Qa5 39. Rxd4 Qxb4 40. Rxb4 b6 41. Rd4 Ra7 42. Kg2 Kg6 43. h3 gxh3+ 44. Kxh3 Kf5 45. Rc4 Ra5 46. Rb4 Nxe5 47. Bxe5 Rxe5 48. Rxb6 Re2 49. f4 Rd2 50. Rb5+ Rd5 51. Rb4 Ra5 52. Kh4 Kf6 53. Re4 Kf7 54. Rc4 Kg6 55. Rc6 Kf6 56. Rb6 Kf7 57. Rb8 Kg7 58. Rc8 Kf7 59. Rc2 Kg6 60. Rd2 Kf6 61. Re2 Kf7 62. Rc2 Kg6 63. Rc3 Kf6 64. b4 axb3 65. Rxb3 Kg6 66. Re3 Kf6 67. Re5 Rxa3 68. Rxh5 Ra1 69. Kg4 Rb1 70. Rh6+ Kf7 71. Kg5 Rb5+ 72. Kh4 Rb1 73. Rh7+ Kg6 74. Ra7 Re1 75. Ra6 Kf5 76. Ra5+ Kf6 77. Ra4 Rh1+ 78. Kg4 Rb1 79. Ra8 Rb5 80. Rh8 Rb1 81. Rh2 Rb5 82. Rh6+ Kf7 83. Kh4 Rb1 84. g4 Rb4 85. Kg5 Rb5+ 86. f5 exf5 87. gxf5 Rb1 88. Rh7+ Kg8 89. Ra7 Rb6 90. Kf4 Kf8 91. Ke5 Rb5+ 92. Kf6 Rb6+ 93. Kg5 Rc6 94. Rd7 Ra6 95. Rh7 Rb6 96. Rh8+ Kf7 97. Rh7+ Kg8 98. Rh6 Rxh6 99. Kxh6 1/2-1/2